Sports Quiz

Random Sports or Basketball Quiz

NBA 5-Year Scoring - Utah Jazz Quiz Stats

 Plays Quiz not verified by Sporcle

Score 0/40 Timer 05:00
0 Plays Today
Years Player % Correct
1984-89Karl Malone
99.7%
1985-90Karl Malone
99.7%
1986-91Karl Malone
99.7%
1987-92Karl Malone
99.7%
1988-93Karl Malone
99.7%
1989-94Karl Malone
99.7%
1990-95Karl Malone
99.7%
1991-96Karl Malone
99.7%
1992-97Karl Malone
99.7%
1993-98Karl Malone
99.7%
1994-99Karl Malone
99.7%
1995-2000Karl Malone
99.7%
1996-2001Karl Malone
99.7%
1997-2002Karl Malone
99.7%
1998-2003Karl Malone
99.7%
1999-2004Karl Malone
99.7%
2000-05Karl Malone
99.7%
2012-17Gordon Hayward
87.4%
2010-15Gordon Hayward
87.4%
2011-16Gordon Hayward
87.4%
Years Player % Correct
2013-18Gordon Hayward
85.6%
2005-10Deron Williams
84.1%
2006-11Deron Williams
84.1%
2007-12Deron Williams
84.1%
1977-82Adrian Dantley
73.6%
1978-83Adrian Dantley
73.6%
1979-84Adrian Dantley
73.6%
1980-85Adrian Dantley
73.6%
1981-86Adrian Dantley
73.6%
1982-87Adrian Dantley
73.6%
1983-88Adrian Dantley
73.6%
2001-06Andrei Kirilenko
71.7%
1974-79Pete Maravich
65.5%
1975-80Pete Maravich
65.5%
1976-81Pete Maravich
65.5%
2003-08Mehmet Okur
54.7%
2004-09Mehmet Okur
54.7%
2008-13Paul Millsap
46.7%
2009-14Paul Millsap
46.7%
2002-07Matt Harpring
26.9%

You're not logged in!

Compare scores with friends on all Sporcle quizzes.
Join for Free
OR
Log In

You Might Also Like...

Show Comments

Extras

Top Quizzes Today


Score Distribution

Your Account Isn't Verified!

In order to create a playlist on Sporcle, you need to verify the email address you used during registration. Go to your Sporcle Settings to finish the process.

Report this User

Report this user for behavior that violates our Community Guidelines.

Details: